| 000 | 00467cam a2200205 4500 | ||
|---|---|---|---|
| 001 | D8160 | ||
| 008 | 090401t1984 xxu||||| |||| 00| 0 eng d | ||
| 035 | _a(Sirsi) u11456 | ||
| 041 | _aeng | ||
| 050 | _a333.332 | ||
| 100 | _aRees, W.H. | ||
| 245 | _aValuation: principles into practice | ||
| 250 | _a2nd | ||
| 260 |
_aLondon _bEstates Gazette _c1984 |
||
| 300 | _axi. 488p. 22cm | ||
| 350 | _a15 | ||
| 520 | _aShelf 133 | ||
| 942 | _n0 | ||
| 948 | _c04/03/1997 | ||
| 999 |
_c86868 _d86868 |
||